000 00281nam a22001217a 4500
008 170516b xxu||||| |||| 00| 0 eng d
041 _aeng
080 _22ND
_a94(7/8)
100 _a16
101 _aSHH
245 _aA HISTORY OF THE UNITED STATES
_cWILLIAMS,T.H
942 _2udc
_cBK
999 _c13466
_d13466